Estatísticas para Países do Mundo

Clique aqui para jogar o quiz

Estatísticas Gerais

  • Esse quiz foi jogado 742 485 vezes
  • A pontuação média é 98 de 196

Respostas no mapa

Respostas codificadas por cores de uma escala verde-vermelha no mapa do quiz de acordo com a % correta abaixo.
Carregando ...
 

Estatísticas das Respostas

País% Correto
Brasil
97%
Estados Unidos
96%
Canadá
95%
México
95%
Argentina
95%
China
94%
Rússia
94%
Chile
93%
França
93%
Japão
92%
Austrália
92%
Portugal
92%
Itália
92%
Espanha
91%
Uruguai
90%
Alemanha
90%
Paraguai
89%
África do Sul
89%
Índia
87%
Bolívia
86%
Peru
86%
Colômbia
84%
Egito
84%
Venezuela
84%
Reino Unido
83%
Guiana
81%
Equador
81%
Coreia do Norte
80%
Coreia do Sul
80%
Cuba
79%
Suécia
79%
Suíça
78%
Irlanda
78%
Irão
76%
Países Baixos
76%
Madagáscar
75%
Grécia
75%
Nova Zelândia
75%
Noruega
73%
Turquia
73%
Dinamarca
72%
Marrocos
71%
Finlândia
71%
Angola
69%
Polônia
69%
Suriname
69%
Panamá
68%
Arábia Saudita
67%
Iraque
67%
Bélgica
67%
Islândia
67%
Ucrânia
64%
Israel
64%
Áustria
63%
República Democrática
do Congo
63%
República do Congo
63%
Níger
62%
Haiti
62%
Mongólia
61%
Indonésia
60%
Paquistão
60%
Croácia
60%
Afeganistão
59%
Argélia
59%
Costa Rica
58%
Honduras
57%
Cazaquistão
56%
Jamaica
56%
República Checa
56%
Lituânia
55%
Sudão
55%
Tailândia
54%
Estônia
53%
Vietname
53%
Moçambique
53%
Guiné
53%
Romênia
52%
Eslováquia
52%
Nigéria
51%
Guatemala
51%
Etiópia
51%
Letónia
51%
Camarões
51%
Síria
50%
Filipinas
50%
Líbia
50%
República Dominicana
50%
Hungria
50%
Vaticano
48%
Papua Nova Guiné
48%
Eslovénia
48%
Nicarágua
47%
Bósnia e Herzegovina
47%
Sérvia
47%
Bulgária
46%
Bielorrússia
46%
Luxemburgo
46%
Somália
46%
Costa do Marfim
46%
Nepal
46%
Cabo Verde
45%
Tunísia
45%
El Salvador
45%
Emirados Árabes
Unidos
44%
Líbano
43%
Malásia
43%
Omã
43%
Albânia
43%
Bahamas
42%
Chipre
42%
Zimbábue
41%
Gana
41%
Uzbequistão
41%
Butão
40%
Montenegro
40%
Quênia
40%
Belize
40%
Mônaco
39%
Senegal
39%
Taiwan
39%
Turquemenistão
38%
Azerbaijão
38%
Laos
38%
Armênia
38%
Sri Lanka
37%
Iémen
37%
Jordânia
37%
Camboja
36%
Sudão do Sul
36%
Zâmbia
36%
Andorra
36%
Mali
36%
Macedónia do Norte
36%
Malta
36%
Catar
35%
Geórgia
35%
Namíbia
35%
Guiné-Bissau
35%
Trinidad e Tobago
34%
Bangladesh
34%
Fiji
33%
Togo
33%
Kosovo
33%
Singapura
32%
Serra Leoa
32%
Botswana
32%
Chade
32%
Uganda
32%
Tanzânia
31%
Mauritânia
31%
Ruanda
31%
Barbados
31%
São Tomé e Príncipe
31%
Moldávia
31%
República
Centro-Africana
30%
Guiné Equatorial
30%
Lesoto
29%
Kuweit
29%
Maldivas
29%
Libéria
29%
Birmânia
28%
San Marino
28%
Eritreia
28%
Quirguistão
27%
Timor-Leste
27%
Gabão
27%
Dominica
27%
Estados Federados da
Micronésia
26%
Tajiquistão
25%
Antígua e Barbuda
24%
Ilhas Salomão
24%
Malawi
24%
Maurícia
24%
Ilhas Marshall
23%
Santa Lúcia
23%
Liechtenstein
23%
Brunei
23%
Burkina Faso
23%
Essuatíni
23%
Gâmbia
23%
Benim
23%
Granada
22%
Tuvalu
22%
Bahrein
22%
Djibouti
22%
Palau
21%
Tonga
21%
Seychelles
21%
Burundi
21%
Samoa
21%
Comores
21%
São Vicente e
Granadinas
20%
Vanuatu
20%
Kiribati
20%
São Cristóvão
e Nevis
19%
Nauru
18%

Distribuição das Pontuações

Percentil de Números Respondidos

Porcentagem de Pessoas com Cada Pontuação

Sua Pontuação Histórica

Você não jogou esse quiz